The encyclopaedia of badmiton / (Record no. 45202)
[ view plain ]
| 000 -LEADER | |
|---|---|
| fixed length control field | 00614nam a22001817a 4500 |
| 005 - DATE AND TIME OF LATEST TRANSACTION | |
| control field | 20100910152154.0 |
| 020 ## - INTERNATIONAL STANDARD BOOK NUMBER | |
| International Standard Book Number | 9780709027966 |
| Terms of availability | ₤ 15.95 |
| 037 ## - SOURCE OF ACQUISITION | |
| Source of stock number/acquisition | Prakash Books |
| 082 ## - DEWEY DECIMAL CLASSIFICATION NUMBER | |
| Classification number | 796.345 |
| 100 ## - MAIN ENTRY--PERSONAL NAME | |
| Personal name | Davis, Pat |
| 245 ## - TITLE STATEMENT | |
| Title | The encyclopaedia of badmiton / |
| Statement of responsibility, etc | by Pat Davis |
| 260 ## - PUBLICATION, DISTRIBUTION, ETC. (IMPRINT) | |
| Place of publication, distribution, etc | London |
| Name of publisher, distributor, etc | Robert Hale |
| Date of publication, distribution, etc | 1987 |
| 270 ## - ADDRESS | |
| City | London |
| 300 ## - PHYSICAL DESCRIPTION | |
| Extent | xii, 201p. |
| Dimensions | 25cm(Hb) |
| 942 ## - ADDED ENTRY ELEMENTS (KOHA) | |
| Source of classification or shelving scheme | Dewey Decimal Classification |
| Item type | English Books |
| Classification part | 796.345 |
| Call number suffix | DAV |
| Withdrawn status | Lost status | Not for loan | Collection code | Home library | Current library | Date acquired | Cost, normal purchase price | Full call number | Copy number | Cost, replacement price | Koha item type |
|---|---|---|---|---|---|---|---|---|---|---|---|
| Ordered | Non-fiction | Andrews Gunj | Andrews Gunj | 10/09/2010 | 0.00 | 796.345 DAV | 1 | 0.00 | English Books |
